Climate change 2014 mitigation of climate change (Record no. 1464931)

MARC details
000 -LEADER
fixed length control field 00559nam a22001937a 4500
005 - DATE AND TIME OF LATEST TRANSACTION
control field 20251021162012.0
008 - FIXED-LENGTH DATA ELEMENTS--GENERAL INFORMATION
fixed length control field 251021b |||||||| |||| 00| 0 eng d
037 ## - SOURCE OF ACQUISITION
Terms of availability TB
040 ## - CATALOGING SOURCE
Original cataloging agency CRL
Transcribing agency CRL
041 ## - LANGUAGE CODE
Source of code ENG
Language code of text/sound track or separate title ENG
084 ## - COLON CLASSIFICATION NUMBER
Item number CRL
100 ## - MAIN ENTRY--PERSONAL NAME
Personal name Ottmar, Edenhofer
9 (RLIN) 849056
245 ## - TITLE STATEMENT
Title Climate change 2014 mitigation of climate change
260 ## - PUBLICATION, DISTRIBUTION, ETC.
Place of publication, distribution, etc. Cambridge, USA:
Name of publisher, distributor, etc. Cambridge University Press,
Date of publication, distribution, etc. 2014.
300 ## - PHYSICAL DESCRIPTION
Extent 1434p.
365 ## - TRADE PRICE
Price amount 65.00
Currency code PD
942 ## - ADDED ENTRY ELEMENTS (KOHA)
Source of classification or shelving scheme Colon Classification (CC)
Koha item type Textbook
Suppress in OPAC No
Holdings
Withdrawn status Lost status Source of classification or shelving scheme Damaged status Not for loan Home library Current library Date acquired Source of acquisition Cost, normal purchase price Inventory number Total Checkouts Barcode Date last seen Price effective from Koha item type
    Colon Classification (CC)     Central Library Central Library 2025-10-21 IPCC 65.00 Gift   CL1171615 2025-10-21 2025-10-21 Textbook
Copyright @ Delhi University Library System